000 00989nam a22001577a 4500
999 _c63590
_d63590
003 Ge_BSU
005 20251110153710.0
008 251110s1970 ge ||||| |||| 00| 0 geo d
041 _ageo
080 _a331.103:62 შ-87
245 _aშრომის მეცნიერული ორგანიზაციის საკითხები სამრეწველო საწარმოში :
_b[ლექციების კრებული] /
_cსაქ. კპ თბილისის კომ-ტი. საქ. სსრ საზ-ბა ცოდნის თბილისის საქალაქო ორგანიზაცია.
264 _aთბ. :
_bსაბჭ. საქართველო,
_c1970.
300 _a138 გვ. ;
_b20 სმ.
653 _aშრომის მეცნიერული ორგანიზაცია სამრეწველო საწარმოებში
942 _2udc
_cᲬᲘᲒᲜᲘ